Представление документа в формате RUSMARC

ПолеНазваниеЗначение
  Тип записи a
  Библиографический уровень a
001 Контрольный номер RU/CBS_Ul/BASE/532192102
005 Дата корректировки 20240209175207.3
100 Данные общей обработки __
a Данные общей обработки 20161111d2016 ||| 0rusy0189 ca
101 Язык документа 0_
a Язык текста rus
102 Страна публикации __
a Страна публикации RU
105 Кодированные данные (монография) __
a Кодированные данные (монография) y###||||000|y
200 Заглавие и сведения об ответственности 1_
a Заглавие Шифр Босха
b Общее обозначение материала Текст
e Сведения, относящиеся к заглавию [картина И. Босха "Сад земных наслаждений"]
f Первые сведения об ответственности С. Мартынов
300 Общие примечания __
a Общие примечания Ограничения по возрасту - 12+
461 Уровень набора _0
1 2000
a Вокруг света
463 Уровень физической единицы _0
1 001RU/CBS_Ul/BASE/525374727
1 2000
a № 8
v С. 32-34 : ил
1 210
d 2016
600 Персоналии _0
a Персоналии (Фамилия) Босх
b Персоналии (Имя, инициалы) И.
606 Тематические рубрики 0_
a Основная рубрика Босх, Иероним (ок.1450 - 1516)
y Географическая подрубрика Нидерланды
610 Ключевые слова 0_
a Ключевые слова художники
a Ключевые слова нидерландские художники
a Ключевые слова художники нидерландские
a Ключевые слова Сад земных наслаждений (картины)
610 Ключевые слова 0_
a Ключевые слова живопись
686 Индексы других классификаций __
a Классификационный индекс 85.143(3)
2 Код системы ББК
700 Автор _1
a Фамилия Мартынов
b Имя (инициалы) С.
801 Источник записи _0
a Страна RU
b Организация МБУК ЦБС г. Ульяновска
c Дата составления 20161111
g Правила каталогизации RCR
801 Источник записи _1
a Страна RU
b Организация МБУК ЦБС г. Ульяновска
c Дата составления 20161111
g Правила каталогизации RCR
901 Тип документа __
t Тип документа b
w Контрольный № источника RU/CBS_Ul/BASE/525374727
910 Корректоры записи __
a Корректор записи Ильина
938 Служебная информация __
a Имя БД period